000 00693nam a2200253Ia 4500
003 OSt
005 20220918214401.0
006 a|||||r|||| 00| 0
007 ta
008 220917b |||||||| |||| 00| 0 eng d
024 _a137,184
037 _cTextual
040 _aARTS
_cARTS
_beng
041 _2eng
_aeng
082 _aY:3217.212, L7
100 _aThulaseedharan K
_9131107
245 0 _aStudies in traditional Kerala society
260 _aTrivandrum
_bCollege Book House
_c1977
300 _axiii, 150p.
_ccm.
500 _aBibliography p145-150
650 _aSOCIOLOGY
942 _hY:3217.212, L7
_cTEXL
_2CC
999 _c260270
_d260270